[Event "North Wales Open"]
[Site "Llandudno"]
[Date "2019.06.22"]
[Round "3.9"]
[White "Gogia, Armaan"]
[Black "Hilton, Tim"]
[Result "0-1"]
[WhiteElo "1767"]
[BlackElo "1899"]
[Annotator "kemen"]
[PlyCount "47"]
[EventDate "2019.06.22"]
[EventRounds "5"]
[EventCountry "WLS"]

1. e4 c5 2. Nf3 g6 3. d4 cxd4 4. Nxd4 Nc6 5. Nc3 Bg7 6. Be3 Nf6 7. Nxc6 (7. Bc4
) 7... bxc6 8. e5 Ng8 (8... Nd5 {is the second line of play}) 9. f4 Nh6 10. Qd2
O-O 11. O-O-O Qa5 (11... d6) 12. Bc4 (12. h3) 12... Rb8 13. Qd4 $146 (13. Bb3 {
main}) 13... d5 14. Bb3 (14. Bd3 $5) 14... Bg4 (14... Rb4 15. Qxa7 Qxa7 16.
Bxa7 Rxf4 $17 {Komodo13}) 15. Rdf1 $11 {Deep Fritz13} (15. Rde1 $16 {Komodo13})
15... Rb7 16. h3 {both Engines} Be6 (16... Bc8) 17. g4 $16 f6 18. f5 (18. Na4
$16 {both Engines}) 18... gxf5 {Komodo13} (18... fxe5 19. Qd2 Rxb3 20. fxe6
Rbb8 21. Bxh6 d4 22. Rf7 Rxf7 23. exf7+ Kxf7 24. Nb1 Qxd2+ 25. Bxd2 $16 {
Komodo13}) (18... Bc8 {Deep Fritz13} 19. e6 $18 {Komodo13}) 19. gxf5 (19. Qd2
f4 20. Rxf4 Nf7 21. exf6 $16 {both Engines}) 19... Nxf5 $19 20. Rxf5 Bxf5 21.
Nxd5 Rxb3 (21... Kh8 22. exf6 exf6 23. Nc3 $19 {both Engines}) 22. Nxe7+ $11
Kh8 23. cxb3 $11 {(draw?)} Qxa2 24. Qa4 (24. Qa4 Qb1+ 25. Kd2 Qd3+ 26. Ke1
Qxe3+ 27. Kf1 fxe5 28. Nxf5 Rxf5+ 29. Kg2 Qf2#) (24. Nxf5 $1 Qa1+ 25. Kc2 Qxh1
26. e6 Qxh3 27. Qe4 Qh5 28. e7 Qe2+ 29. Kb1 Qe1+ 30. Ka2 Qa5+ 31. Kb1 Qe1+ $11)
0-1

[Event "North Wales Open"]
[Site "Llandudno"]
[Date "2019.06.22"]
[Round "3.10"]
[White "Pirga, Vlad"]
[Black "Dewangan, Aayush"]
[Result "1-0"]
[WhiteElo "1513"]
[BlackElo "1398"]
[Annotator "kemen"]
[PlyCount "59"]
[EventDate "2019.06.22"]
[EventRounds "5"]
[EventCountry "WLS"]

1. e4 c5 2. Bc4 d6 3. Nf3 Nf6 4. Nc3 g6 (4... e6) (4... Nc6 {main lines}) 5. d4
(5. d3) 5... cxd4 6. Nxd4 Bg7 7. O-O O-O 8. f4 (8. Re1) (8. Bb3) 8... Nc6 9.
Be3 (9. Nxc6 bxc6 10. Kh1) 9... Bg4 (9... Ng4 {and Wh only scored 19 % in 52
games}) (9... Qb6 {considered even stronger by the Cloud Engines}) 10. Qd2 {
Deep Fritz14} (10. Be2 Nxd4 11. Bxd4 Bxe2 12. Qxe2 Nh5 13. Bxg7 Kxg7 14. Kh1
Qb6 $11 {Haecker-Spangenberg,GER ch tm U16 girls, 2003,1-0}) 10... Qd7 (10...
Qa5 11. Nde2 Rac8 12. Bd3 Rfe8 13. f5 d5 14. e5 Ne4 15. Nxe4 dxe4 16. Qxa5 Nxa5
17. Bxe4 Bxe2 $19 {Da Silva-Figueiredo,Guanabara Fundadores , Rio de Janeiro
2003, 0-1}) 11. h3 Nxd4 12. Bxd4 Be6 13. Bd3 $16 Nh5 14. Be3 (14. Bb5 Qd8 15.
f5 Bd7 16. Bxd7 Qxd7 17. Rf2 $16 {Komodo13}) (14. Bxg7 Nxg7 15. Qe3 $16 {
Komodo13}) 14... a6 (14... f5 $11) 15. f5 $18 gxf5 16. exf5 Ng3 17. fxe6 Nxf1
18. exd7 (18. Bxh7+ Kh8 19. Rxf1 fxe6 20. Rxf8+ Rxf8 21. Bd3 $18 {Komodo13})
18... Nxd2 19. Bxd2 Rfd8 20. Nd5 (20. Rf1) 20... Bd4+ 21. Kf1 Rxd7 22. c3 Ba7
23. Re1 f6 24. Nxe7+ (24. Bf5 $1 {Komodo13} Rad8 (24... Rdd8 25. Rxe7) 25.
Nxe7+ Kg7 26. Bxd7 Rxd7 27. Nd5 $18) 24... Kf7 25. Nd5 h5 26. Bf5 Rdd8 (26...
Rad8 {looks forced}) 27. Re7+ Kf8 28. Bh6+ Kg8 29. Nxf6+ Kh8 30. Bg7# 1-0

[Event "North Wales Open"]
[Site "Llandudno"]
[Date "2019.06.22"]
[Round "3.11"]
[White "Lee, Michael A"]
[Black "Menon, Davin"]
[Result "1/2-1/2"]
[WhiteElo "1472"]
[BlackElo "1848"]
[Annotator "kemen"]
[PlyCount "43"]
[EventDate "2019.06.22"]
[EventRounds "5"]
[EventCountry "WLS"]

1. e4 c6 2. d4 d5 3. e5 Bf5 4. Nf3 e6 5. c3 Nd7 6. Be2 c5 (6... Ne7 {main}) 7.
Be3 (7. O-O) 7... Qc7 (7... cxd4 8. cxd4 Bb4+ 9. Nbd2 Ne7) 8. Nh4 $146 (8. O-O
{main}) 8... Bg6 (8... cxd4 9. cxd4 Bxb1 10. Rxb1 Qa5+ 11. Kf1 Qxa2 12. Bd2 $18
{Komodo13}) 9. Nxg6 hxg6 10. Nd2 Ne7 11. O-O f6 12. f4 $16 Nf5 13. Bf2 Be7 (
13... O-O-O) 14. Nf3 g5 15. Bd3 c4 16. Bxf5 exf5 17. Qd2 (17. Qc2) 17... g4 18.
Nh4 $18 fxe5 19. Ng6 (19. Nxf5 $18 e4 20. Nxg7+ Kf7 21. Nf5 Rh5 22. Ne3 Nf6 23.
Bg3 {Komodo13}) 19... e4 (19... Rh5 20. fxe5 $16) 20. Nxh8 Qd6 21. Bg3 Qh6 22.
a4 $14 1/2-1/2

[Event "North Wales Open"]
[Site "Llandudno"]
[Date "2019.06.23"]
[Round "4.2"]
[White "Carroll, Thomas"]
[Black "Surtees, Mike J"]
[Result "1-0"]
[WhiteElo "1986"]
[BlackElo "2112"]
[Annotator "kemen"]
[PlyCount "87"]
[EventDate "2019.06.22"]
[EventRounds "5"]
[EventCountry "WLS"]

1. d4 e6 2. e4 d5 3. Nd2 Nf6 4. e5 Nfd7 5. c3 c5 6. Bd3 Nc6 7. Ngf3 Qb6 8. O-O
cxd4 9. cxd4 a5 (9... Nxd4 10. Nxd4 Qxd4 11. Nf3 {66% for Wh}) 10. a3 (10. Re1
Be7 {main}) 10... Be7 (10... Nxd4) 11. Re1 (11. Qa4) 11... g5 (11... Nxd4) (
11... a4) 12. Nf1 (12. h3 h5 13. Nf1 {main}) 12... g4 13. Ng5 h5 $146 (13...
Qxd4 14. Be3 Qxe5 15. Qxg4 {2 draws}) 14. h4 (14. Be3 $11 {Stockfish8 &
Komodo13}) 14... Qxd4 {Stockfish8} (14... gxh3 15. Nxh3 Qxd4 {Komodo13}) 15.
Be3 Qxe5 16. Bb5 Qd6 17. Rc1 d4 18. Bd2 (18. Ne4 Qe5 19. Rxc6 bxc6 20. Bxd4
Qxb5 21. Bxh8 $11 {Stockfish8 & Komodo13}) 18... Nf6 (18... Kf8 {both Engines;
Komodo13 =}) 19. b4 (19. Ng3) 19... Bd7 20. Ng3 Kf8 21. bxa5 Qxa3 22. a6 {
Komodo13} (22. N5e4 Nd5 23. Ra1 {Stockfish8}) 22... Rxa6 23. Bxa6 Qxa6 (23...
bxa6) 24. Qb3 Qa8 25. Ra1 Qb8 26. Rab1 (26. Nf5 {both Engines}) 26... Nd8 (
26... b6 27. Nf5 {Stockfish8& Komodo13}) (26... Be8 27. Rxe6 $11 {Komodo12})
27. Bb4 $18 Nd5 (27... Nc6 28. Bxe7+ Nxe7 29. Qc4 Kg7 30. Qxd4 $18 {Komodo13})
28. Bxe7+ (28. Qxd5 exd5 29. Rxe7 Kg7 30. Rxd7 $18 {both Engines}) 28... Nxe7
29. Qd3 Rh6 30. Qxd4 $18 Bc6 31. Qc5 Qf4 32. Red1 (32. Rbd1) 32... Ke8 33. Rb4
(33. Rd6) 33... Qb8 34. Rbd4 Bd5 35. N3e4 Ndc6 36. Nd6+ Kf8 37. Rf4 (37. Ra4) (
37. R4d2) (37. Nf5) (37. Ngxf7 {all seem to win for Wh}) 37... f6 38. Nge4 (38.
Rb1 {both Engines}) 38... Kg7 39. Ng3 (39. Rb1) 39... Ng6 40. Ra4 (40. Rf5 Nge5
41. Rxh5 {Stockfish8}) (40. Ndf5+ Kh7 41. Ra4 {Komodo13}) 40... Nce7 41. Rb4 (
41. Ra7 Nf4 42. Rxd5 {Stockfish8}) (41. Qa3 Rh8 42. Nxh5+ {Komodo13}) 41... Rh8
42. Rxd5 {final break-in} exd5 43. Rxb7 Qa8 44. Ndf5+ 1-0

[Event "North Wales Open"]
[Site "Llandudno"]
[Date "2019.06.23"]
[Round "4.3"]
[White "Hayward, Philip T"]
[Black "Rathbone-Jones, Ifan"]
[Result "1-0"]
[WhiteElo "1976"]
[BlackElo "1887"]
[Annotator "kemen"]
[PlyCount "39"]
[EventDate "2019.06.22"]
[EventRounds "5"]
[EventCountry "WLS"]

1. c4 e6 2. g3 Nf6 3. Bg2 d5 4. Nf3 c5 5. O-O Nc6 6. e3 b6 7. b3 Bb7 (7... Ba6
8. d3 Qc7 9. Nc3 Rd8 10. Bb2 Be7 11. Qe2 O-O {transposes to 25 games}) 8. Bb2
Bd6 (8... Be7 {37 games}) 9. Nc3 $146 (9. Qe2 O-O {6 games}) (9. d3 Qe7 10.
Nbd2 O-O-O 11. Rc1 Kb8 {Zinnecker-Schulz, Berlin Lichtenberger 2018,0-1}) 9...
O-O 10. cxd5 exd5 11. d4 $11 {3.5-05} cxd4 $146 {accepting an isolated d pawn
voluntarily} (11... Qd7) (11... a6) (11... Ba6) 12. Nxd4 Nxd4 13. Qxd4 $14 Bc5
(13... Re8) 14. Qd3 Qd7 15. Rfd1 Rad8 16. Ne2 $16 Qe7 17. Nf4 (17. Nd4 g6 18.
a3 Ng4 19. Qc3 f6 20. b4 Bxd4 21. Qxd4 Ne5 22. b5 $16 {Komodo13, Wh has
several ways to keep on improving his position}) 17... Rd7 (17... Ne4 18. Rac1
Rfe8 19. Rc2 $16 {a position analysed by Fritz11 Se back in 2015}) 18. Qf5 Ne4
$2 (18... Rfd8 19. Bxf6 Qxf6 20. Qxf6 gxf6 21. Rd3 $16 {leaves the Bl position
in a mess, but best suggests Komodo13}) (18... d4 19. Bxb7 Rxb7 20. exd4 Ba3
21. Re1 Qd6 22. Bxa3 Qxa3 23. Nd5 Nxd5 24. Qxd5 Re7 25. Qc6 $16 {Komodo13- &
Bl will have difficulty facing the advance of the centre pawn, while watching
his K as well}) 19. Bxe4 $18 Qxe4 20. Qxe4 1-0

[Event "North Wales Open"]
[Site "Llandudno"]
[Date "2019.06.23"]
[Round "4.4"]
[White "Whitehead, Mark A"]
[Black "Patrick, David A"]
[Result "1/2-1/2"]
[WhiteElo "1901"]
[BlackElo "1878"]
[Annotator "kemen"]
[PlyCount "36"]
[EventDate "2019.06.22"]
[EventRounds "5"]
[EventCountry "WLS"]

1. e4 e6 2. Qe2 c5 3. g3 (3. Nf3 {main}) 3... Nc6 4. c3 d5 (4... g6 {main} 5.
Bg2 Bg7 6. f4 Nge7) 5. d3 dxe4 (5... Nf6) 6. dxe4 Nf6 (6... e5 {more usual
theme in these after the exchange on e4}) 7. f4 (7. Bg2 {main} Ne5 8. Na3 Nd3+
9. Kf1 {7 Wh wins,3 draws, 2 Bl wins}) 7... Be7 8. Bg2 (8. Nf3 {4 Wh wins, 1
Bl win}) 8... h5 $146 (8... e5 9. f5 {2 Wh wins}) 9. Nh3 (9. e5 Nd5 10. Nf3 $14
h4 11. Nbd2 h3 12. Bf1 Rb8 13. Ne4 b5 $14 {Komodo13}) 9... Ng4 (9... e5 $11 {
Fritz13 & Komodo13}) 10. Nd2 (10. Na3 {Komodo13} e5 11. f5 $16) 10... e5 11. f5
$16 a6 (11... O-O 12. O-O Qc7 {Fritz13 gives slighly in Bl favour, Komodo13
definite Wh plus}) 12. a4 (12. Nf2 {both Engines, = Fritz13; definite plus for
Wh Komodo13}) 12... Na5 13. O-O Qc7 (13... c4 14. Nxc4 Nb3 15. Rb1 b5 $11 {
Komodo13}) (13... Bd7 14. Nc4 Nxc4 (14... O-O {Fritz13} 15. Nxa5 Qxa5 16. Nf2
$16 {Komodo13}) 15. Qxc4 b5 $11 {Komodo13}) 14. Bf3 Nf6 (14... c4 $11 {Komodo13
}) 15. Nc4 Nb3 16. Ra3 (16. Bf4 $1 {Komodo13} exf4 (16... Nxa1 17. Bxe5 Qc6 18.
Rxa1 $18) 17. e5 O-O (17... Nxa1 18. exf6 gxf6 19. Nxf4 Kf8 20. Rxa1 Bxf5 21.
Nd5 Qd8 22. Rd1 $14) 18. Ra3 Na5 19. Nxf4 Nxc4 20. exf6 Bxf6 21. Nd5 Qe5 22.
Qxc4 Bxf5 23. Raa1 $11 {Komodo13- some intriquing possibilities, based on the
Bl K still in the centre & Bl underdevelopment. Though few humans would embark
on these complications.}) 16... Nxc1 17. Rxc1 Bd7 18. Nf2 b5 $14 {(draw?)} (
18... b5 19. axb5 Bxb5 20. Nd1 {both Engines} h4 21. Nde3 $14) (18... h4 $11 {
both Engines}) 1/2-1/2

[Event "North Wales Open"]
[Site "Llandudno"]
[Date "2019.06.23"]
[Round "4.5"]
[White "Shakespeare, John"]
[Black "Sandhu, Manvith"]
[Result "1-0"]
[WhiteElo "1950"]
[BlackElo "1602"]
[Annotator "kemen"]
[PlyCount "45"]
[EventDate "2019.06.22"]
[EventRounds "5"]
[EventCountry "WLS"]

1. d4 d5 2. Nf3 Nf6 3. c4 c6 4. Nc3 e6 5. g3 Nbd7 6. Bg2 dxc4 (6... Be7 {
alternative Closed setup}) 7. a4 (7. O-O Be7 8. e4 {taking the centre is
discussed in Nigel Davies- The Catalan,} b5 9. d5 {scores 68 % for Wh}) 7... c5
{Bl has lost a tempo with the early c6 move} (7... Bb4) (7... Be7 {main lines})
8. O-O $16 {Komodo13} Be7 9. e4 {Cloud Engines, though not yet played here,
transposes after Bl's next} (9. a5 {1.5-0.5}) (9. d5 exd5 10. Nxd5 O-O 11. Ne3
$14 Nb6 12. a5 Nbd5 13. Ne5 (13. a6) 13... Nxe3 14. Bxe3 a6 15. Nxc4 $18 {
Dovzik-Bindrich, SVK ch, Banska Stiavnica 2007,0-12 ( GM vs IM)}) 9... O-O 10.
Qe2 $146 (10. d5 $16 {Cloud Engines; 3-3 without draws}) 10... cxd4 11. Nxd4
Ne5 $11 {Deep Fritz14 & Komodo13} 12. Rd1 {Deep Fritz14} (12. Nf3 Nfd7 (12...
Nd3 13. Nd2) 13. Rd1 Qa5 14. Bf4 Nd3 15. Nd2 Nxb2 16. Nxc4 Nxc4 17. Qxc4 $11 {
Komodo13}) 12... Nd3 $15 13. Be3 Qc7 (13... Qa5 $15) 14. b3 (14. Ncb5 $14 {
Komodo13}) (14. a5 Bb4 $11 {Deep Fritz14}) 14... Ne5 (14... Qa5 {both Engines}
15. bxc4 Qxc3 16. Nb5 Qxc4 17. Qxd3 Qxd3 18. Rxd3 Rd8 $11 {Komodo13, Wh has
enough play for the pawn}) 15. Ncb5 $16 (15. f4 $16) 15... Qa5 (15... Qb8 {
both Engines} 16. f4 Nc6 17. Nxc6 bxc6 18. Nd4 $14 {Komodo13}) 16. Bf4 (16. Bd2
{both Engines} Bb4 17. Bxb4 Qxb4 18. f4 Nd3 19. bxc4 a6 (19... Nc5 20. e5 $18)
20. Na3 Nc5 21. e5 Nfd7 22. a5 Qxa5 23. Nab5 Na4 24. Nd6 $16 {Komodo13}) 16...
Ng6 (16... Nfd7 17. Bd2 $16) 17. Bc7 $18 Qb4 (17... Qa6 {is better} 18. e5 Ne8
19. bxc4 $18) 18. bxc4 (18. Rdc1 $1) 18... a6 19. Rdb1 Qc5 20. Nb3 Qb4 {(draw?)
} 21. Ba5 Qxa5 22. Nxa5 axb5 23. axb5 1-0

[Event "North Wales Open"]
[Site "Llandudno"]
[Date "2019.06.23"]
[Round "4.6"]
[White "Hilton, Tim"]
[Black "Van Kemenade, Rudy"]
[Result "0-1"]
[WhiteElo "1899"]
[BlackElo "1931"]
[Annotator "kemen"]
[PlyCount "42"]
[EventDate "2019.06.22"]
[EventRounds "5"]
[EventCountry "WLS"]

1. c4 e5 2. g3 Nc6 (2... h5 3. Nf3 e4 4. Nd4 Nc6 5. Nxc6 dxc6 {Heap-Van
Kemenade, Dyfed Closed 2018,0-1}) 3. Bg2 f5 4. Nc3 Nf6 5. e3 (5. d3) 5... g6 (
5... d6 6. Nge2 g6 7. O-O Bg7 8. d4 {Hilton-Lawrence, 4NCL 2017,1-0}) 6. Nge2
Bg7 7. O-O O-O 8. Rb1 (8. d3) (8. d4) 8... a5 9. a3 d6 10. b4 (10. d3 {looks
safer}) 10... axb4 11. axb4 e4 (11... Ne7) (11... g5) 12. Qb3 (12. d3 {looks
best} exd3 13. Qxd3 Ne5 14. Qd1 (14. Qd4 Kh8 15. c5 Nfg4 16. Qd5 dxc5 17. Qxc5
c6 18. Rd1 Qe8 {Poliakov-Kobalia, RUS ch tm blitz 2017,1/2-1/2}) 14... Nxc4 $2
{seen by Bl} 15. Bd5+ Nxd5 16. Qxd5+ Kh8 17. Qxc4 $18) (12. d4 {1 Wh win, 2
draws, 1 Bl win}) 12... Ne5 13. Nf4 (13. d4 exd3 14. Nf4 g5 15. c5+ d5 16.
Nfxd5 Be6 17. Nxf6+ Qxf6 18. Bd5 Rfe8 $15 {Slomczewski-Zgadzaj, POL ch rapid
Zgirz 2017,0-1}) 13... c6 14. b5 (14. c5+ d5 15. Na4 Nc4 $15 {Komodo13}) (14.
Na4 g5 15. c5+ d5 16. Nb6 Rb8 17. Bb2 Qe7 18. Bxe5 Qxe5 19. d4 Qe7 20. Nxc8
Rbxc8 21. Ne2 $11 {Komodo13, Wh has eliminated a lot of potential attackers})
14... g5 $19 15. Nfe2 Qe8 (15... Be6 {Tim & Komodo13}) 16. Ba3 c5 $1 (16...
Nf3+ {considered} 17. Bxf3 exf3 18. Nd4 c5 19. Nxf3 Qh5 20. Ne1 f4 $19 {
Komodo13}) (16... Qh5 $19 {Komodo13}) 17. Nd5 (17. f4 {is what Wh wanted to
play, but then saw} Nxc4 $19 (17... exf3 {would have been Bl's choice though &
that of Komodo13} 18. Bxf3 Nxf3+ 19. Rxf3 Qh5 20. Rf2 Ng4 (20... Be6 {Komodo13}
) 21. Rg2 f4 (21... Ne5 22. Kh1 Be6 23. Nd5 Nxc4 24. Qxc4 Qf3 $19 {Komodo13})
22. gxf4 gxf4 23. exf4 Re8 $17)) 17... Nf3+ (17... Nxd5 {first, perhaps more
accurate} 18. cxd5 Qh5 $19 (18... Nf3+ $19)) 18. Bxf3 exf3 19. Nec3 (19. Nef4
gxf4 20. Nxf4 {Komodo13} Ne4 $19) 19... Qh5 20. Nxf6+ (20. h4 gxh4 (20... f4) (
20... Qg4) 21. Nf4 Qg4 22. Kh1 hxg3 23. fxg3 Qxg3 $19 {Komodo13}) 20... Rxf6
21. Nd5 (21. h4 Qg4 (21... gxh4 22. Nd5 Rh6 23. Nf4 Qg4) 22. Qd1 gxh4 23. Nd5
Rh6) 21... Qh3 0-1

[Event "North Wales Open"]
[Site "Llandudno"]
[Date "2019.06.23"]
[Round "4.7"]
[White "Camp, Imogen A L"]
[Black "Biermann, Florian"]
[Result "0-1"]
[WhiteElo "1886"]
[BlackElo "1815"]
[Annotator "kemen"]
[PlyCount "42"]
[EventDate "2019.06.22"]
[EventRounds "5"]
[EventCountry "WLS"]

1. d4 Nf6 2. c4 c5 3. d5 e5 4. Nc3 d6 5. e4 Nbd7 6. Nf3 Be7 7. Be2 (7. Bd3)
7... Nf8 (7... O-O {main}) 8. O-O Ng6 9. Ne1 h5 {second Bl choice} (9... O-O)
10. Nd3 a6 (10... h4 11. Rb1 Bd7 12. b4 b6 13. Be3 {1.5-0.5}) 11. a4 Rb8 $146 (
11... h4 $14 {but 0.5-3.5}) 12. b4 b6 (12... cxb4 13. Nxb4 Bg4 $14 {Komodo13})
13. Rb1 (13. a5 $16) 13... Bd7 14. f4 {gives Bl the e5 square} (14. Be3 Qc7 15.
h3 $14 {Komodo13}) 14... exf4 15. Nxf4 Ne5 16. Qb3 (16. Nd3 Nfg4 $11 (16...
Nxc4 17. Qb3 cxb4 18. Nxb4 b5 19. axb5 Na5 20. Qd1 axb5 21. Bf4 $11 {Komodo13})
) 16... cxb4 17. Qxb4 a5 $11 (17... Bg4 $15) 18. Qb3 h4 (18... O-O) 19. Be3 (
19. h3 {prevents further incursions}) 19... O-O {laying a trap} (19... h3 20.
g3 O-O $11) 20. Bxb6 $6 (20. Bd4 Qc8 21. h3 Be8 $11 {Komodo13}) 20... Qc8 $15
21. Qa2 $2 (21. c5 Bg4 22. h3 Bxe2 23. Nfxe2 dxc5 24. Qa2 $11 {Komodo13}) 21...
Rxb6 $19 0-1

[Event "North Wales Open"]
[Site "Llandudno"]
[Date "2019.06.23"]
[Round "4.8"]
[White "Cukovs, Oleg"]
[Black "Pirga, Vlad"]
[Result "1-0"]
[WhiteElo "1910"]
[BlackElo "1513"]
[Annotator "kemen"]
[PlyCount "85"]
[EventDate "2019.06.22"]
[EventRounds "5"]
[EventCountry "WLS"]

1. e4 e5 2. Nf3 d6 3. d4 exd4 4. Nxd4 g6 5. Bc4 (5. Nc3) 5... Bg7 6. c3 (6. O-O
) 6... Ne7 (6... Nf6 {main}) 7. Bg5 $146 (7. O-O) (7. Be3) 7... O-O 8. O-O $11
Nd7 (8... Qe8 9. Nd2 Nbc6 10. Ne2 Bg4 11. f3 Be6 12. Bd3 Ne5 13. Bc2 Nc4 14.
Nxc4 Bxc4 15. f4 {Burakovsky-Gyorffi, Eger Agria op 2003,1-0}) (8... b6 9. Re1
Qd7 10. Qb3 (10. Bxe7 Qxe7 11. Bd5 c6 12. Nxc6 Nxc6 13. Bxc6 Bb7 14. Bxb7 Qxb7
$16) 10... Nbc6 11. Nxc6 Nxc6 12. Qc2 $11 {Vidyaev-Yumatov,Niznij Novgorod
Dubinin memorial 2012,1-0}) 9. Qd2 (9. Bxf7+ Rxf7 10. Ne6 Qe8 11. Nxc7 Qd8 12.
Nxa8 $16 {Komodo13}) 9... Re8 {Bl has a rather passive position} 10. Bh6 (10.
Na3) 10... Bh8 (10... Nf6 $11) (10... Nc6 $11) 11. Ne6 $1 {wins Q for 2 pieces}
Ne5 12. Nxd8 Nxc4 13. Qe2 Nb6 14. Nxf7 Kxf7 15. Na3 $18 Be6 16. Nb5 Rec8 17.
Nd4 Bd7 18. Nf3 (18. f4) 18... Nc6 19. Be3 Bf6 20. Rad1 Ne5 21. Nxe5+ Bxe5 22.
Bd4 (22. f4 Bg7 23. e5) 22... Re8 23. Bxe5 (23. Bxb6 axb6 24. f4 Bf6 25. Qc4+
Be6 26. Qxc7+ Re7 27. Qxd6 {Komodo13}) 23... Rxe5 24. f4 Ra5 25. b3 (25. f5)
25... Re8 26. Qc2 h5 27. c4 Rc5 28. e5 (28. f5) 28... Bf5 29. Qf2 Ra5 30. exd6
c6 (30... cxd6 {better, but Bl must be lost anyway}) 31. Rfe1 Rxe1+ 32. Rxe1 (
32. Qxe1 {gets in quicker}) 32... Nc8 33. c5 (33. Qd4) 33... b6 34. Qe2 {
Komodo13} (34. Qd4 Bd7 35. Qh8) 34... Bd7 35. b4 Ra4 36. Qc4+ Kf8 37. Qb3 (37.
Qd4) 37... b5 38. a3 a5 39. Qc3 axb4 40. Qh8+ (40. Qf6+ Kg8 41. Qd8+ Kg7 42.
Qxd7+ Kf6 43. g4 hxg4 44. Re6+ Kf5 45. Qf7#) 40... Kf7 41. Qh7+ Kf6 42. Qxd7 (
42. Re7 {mating, but virtually everything wins}) 42... Nxd6 43. Qxd6+ (43. Qe7+
Kf5 44. Qg5#) 1-0

[Event "North Wales Open"]
[Site "Llandudno"]
[Date "2019.06.23"]
[Round "4.9"]
[White "Farrar, Gordon"]
[Black "Van Kemenade, Julie"]
[Result "1/2-1/2"]
[WhiteElo "1750"]
[BlackElo "1718"]
[Annotator "kemen"]
[PlyCount "47"]
[EventDate "2019.06.22"]
[EventRounds "5"]
[EventCountry "WLS"]

1. d4 d6 2. e4 Nf6 3. Nc3 c6 4. f4 Qa5 5. e5 Nd5 (5... Ne4 {main} 6. Qf3 (6.
Bd2 Nxd2 7. Qxd2 Bf5) 6... f5 (6... Nxc3 7. Bd2 Bf5 8. Bd3)) 6. Bd2 Nxc3 (6...
Qb6 7. Nxd5 cxd5 8. Bc3 Bf5 {50% in 8 games}) 7. bxc3 (7. Bxc3 {72% for Wh in
9 games}) 7... Nd7 (7... Qc7 8. Bd3 g6 9. Nf3 Bg7 10. O-O d5 11. Nh4 e6 12. g4
{Khaetsky-Klein, Teplice op 2011,1-0}) (7... dxe5 8. fxe5 Bf5 9. Bd3 Bxd3 10.
cxd3 Nd7 11. Nf3 e6 12. O-O Be7 13. c4 Qd8 14. Rb1 Rb8 15. Qa4 a6 16. Ba5 Qc8 {
Huarcaya Sillca-Rengifo Blancas, South American ch U16,2016,0-1}) 8. Bd3 e6 (
8... Qd5 9. Nf3 Nb6 10. Qe2 Bg4 11. O-O dxe5 12. fxe5 g6 13. a4 Qd7 14. h3 Bxf3
15. Rxf3 Bg7 16. e6 {Pinkus-Allegro, Geneve op 1996,1-0}) (8... Qc7 9. Nf3 Nb6
10. Ng5 g6 11. exd6 Qxd6 12. O-O Bf5 13. Qe2 Bg7 14. Rae1 Nd5 15. Kh1 b5 16.
Ne4 Bxe4 17. Bxe4 O-O {Provkin-Klimentov, Voronezh ch 2012,0-1}) 9. Nf3 Qc7 10.
O-O Be7 (10... g6) 11. Qe1 O-O 12. Qg3 (12. Ng5 h6 (12... Bxg5 13. exd6 Qxd6
14. fxg5 $18) 13. Qe4 f5 14. exf6 Nxf6 15. Qe2 $16 {Komodo13}) 12... f5 13. Ng5
(13. exf6 Rxf6 14. c4 $16 {Komod013}) 13... Nb6 14. Nf3 (14. Qh3 h6 15. Nf3 c5
16. g4 Bd7 $16 {Komodo13}) 14... d5 $11 (14... c5 $11) 15. a4 a5 (15... Bd7)
16. Rfb1 c5 (16... Bd7 17. Be1 c5 18. Bb5 Bxb5 19. Rxb5 Ra6 $11 {Komodo13}) 17.
Bb5 cxd4 (17... Bd7 $11) 18. cxd4 Nc4 19. Qf2 (19. Bxc4 Qxc4 $11 (19... dxc4
$11)) 19... Na3 $17 20. Rb3 Bd7 (20... Nc4 {Rudy}) (20... Nxb5 {Gordon &
Komodo13} 21. Rxb5 Bd7 22. Rb2 Rfc8 23. Ne1 b6 $15) 21. Bxd7 Qxd7 22. Rbxa3
Bxa3 23. Rxa3 Rfc8 24. c3 {(draw?)} (24. Qe3 Rxc2 25. Qb3 Rc4 26. Ra2 $16 {
Komodo12}) (24. c3 Rc4 25. Rb3 Rxa4 26. Qe1 Rc4 27. Qb1 a4 28. Ra3 (28. Rxb7
Rc7 29. Rxc7 $2 (29. Rb8+ Rc8 30. Rxa8 Rxa8 31. Bc1 a3 32. Bxa3 Rxa3 33. Qb8+
Kf7 34. Ng5+ Kg6 35. Qg8 h6 36. Nxe6 $11 {Komodo13}) 29... Qxc7 $19) 28... b5
$16 {though Bl has some compensation against the 2 pieces}) 1/2-1/2